000 003300000a22001570004500
005 20120302065131.0
942 _cBOOK
100 _a Bhole, Keshavrao
245 _a Patre Vasantkakanchi
250 _a 1st
260 _aPune:Venus Prakashan, 1964
300 _a75p
040 _aMar
365 _b10/-
650 _aSankeerna
999 _c363982
_d363979